00753cam a2200253 a 450000100090000000300040000900500170001300800410003001000170007102000180008804000180010604200080012405000250013208200240015710000200018124500570020125000120025826000460027030000350031650400530035165000420040465000260044670000270047217335461OSt20201023145758.0120607s2013 njua b 001 0 eng  a 2012022657 a9788126540716 aDLCcDLCdDLC apcc00aHD30.28b.B4575 201300a658.4012223bBES/E aBesanko, David 00aEconomics of strategy /cDavid Besanko ... [et al.]. a6th ed. aHoboken, NJ :bJohn Wiley & Sons,cc2013. axxii, 534 p. :bill. ;c26 cm. aIncludes bibliographical references and indexes. 0aStrategic planningxEconomic aspects. 0aManagerial economics. aBesanko, David d1955-